<?xml version='1.0' encoding='UTF-8'?>
  <record xmlns="http://www.loc.gov/MARC21/slim">
    <leader>00000cam a22000007i 4500</leader>
    <controlfield tag="001">ocm67846790</controlfield>
    <controlfield tag="003">OCoLC</controlfield>
    <controlfield tag="005">20250724113734.8</controlfield>
    <controlfield tag="008">990409s1586    gw            000 0 ger d</controlfield>
    <datafield tag="040" ind1=" " ind2=" ">
      <subfield code="a">NLGGC</subfield>
      <subfield code="b">eng</subfield>
      <subfield code="e">rda</subfield>
      <subfield code="e">dcrmr</subfield>
      <subfield code="c">NLGGC</subfield>
      <subfield code="d">QGJ</subfield>
      <subfield code="d">OCLCL</subfield>
      <subfield code="d">QGJ</subfield>
    </datafield>
    <datafield tag="029" ind1="0" ind2=" ">
      <subfield code="a">NLGGC</subfield>
      <subfield code="b">181769417</subfield>
    </datafield>
    <datafield tag="029" ind1="1" ind2=" ">
      <subfield code="a">DEBBG</subfield>
      <subfield code="b">BV012116712</subfield>
    </datafield>
    <datafield tag="035" ind1=" " ind2=" ">
      <subfield code="a">(OCoLC)67846790</subfield>
    </datafield>
    <datafield tag="041" ind1="0" ind2=" ">
      <subfield code="a">ger</subfield>
      <subfield code="a">lat</subfield>
    </datafield>
    <datafield tag="245" ind1="0" ind2="0">
      <subfield code="a">Warhaffte Königliche vnd andere bestendige Zeugnuß wieder die auszgebreitte erdachte newe Zeitung vnnd vnerfindtliche Anziehung beschuldigter Thaten, darmit etliche Patres Societatis Iesu zu Crackaw in Polen gefenglich eingezogen, nach Nilo geführt, vnd daselbsten gerichtet worden seyn, sollen, mit Vnschuldt und falschem Grundt ahngegeben worden.</subfield>
    </datafield>
    <datafield tag="246" ind1="3" ind2=" ">
      <subfield code="a">Warhaffte Königliche und andere bestendige Zeugnuss wieder die aussgebreitte erdachte newe Zeitung unnd unerfindtliche Anziehung beschuldigter Thaten, darmit etliche Patres Societatis Jesu zu Crackaw in Polen gefenglich eingezogen, nach Nilo geführt, und daselbsten gerichtet worden seyn sollen, mit Unschuldt und falschen Grundt ahngegeben worden</subfield>
    </datafield>
    <datafield tag="264" ind1=" " ind2="1">
      <subfield code="a">Gedruckt in der Churfürstlichen Statt Meyntz, :</subfield>
      <subfield code="b">durch Casparum Behem.,</subfield>
      <subfield code="c">Anno Domini. 1586.</subfield>
    </datafield>
    <datafield tag="300" ind1=" " ind2=" ">
      <subfield code="a">[30] pages. ;</subfield>
      <subfield code="c">20 cm (4to)</subfield>
    </datafield>
    <datafield tag="336" ind1=" " ind2=" ">
      <subfield code="a">text</subfield>
      <subfield code="b">txt</subfield>
      <subfield code="2">rdacontent</subfield>
    </datafield>
    <datafield tag="337" ind1=" " ind2=" ">
      <subfield code="a">unmediated</subfield>
      <subfield code="b">n</subfield>
      <subfield code="2">rdamedia</subfield>
    </datafield>
    <datafield tag="338" ind1=" " ind2=" ">
      <subfield code="a">volume</subfield>
      <subfield code="b">nc</subfield>
      <subfield code="2">rdacarrier</subfield>
    </datafield>
    <datafield tag="340" ind1=" " ind2=" ">
      <subfield code="m">4to</subfield>
      <subfield code="2">rdabf</subfield>
    </datafield>
    <datafield tag="500" ind1=" " ind2=" ">
      <subfield code="a">Colophon: Gedruckt in der Churfürstlichen Statt Meyntz, durch Casparum Behem. Anno Domini. M. D. LXXXVI.</subfield>
    </datafield>
    <datafield tag="500" ind1=" " ind2=" ">
      <subfield code="a">Initials.</subfield>
    </datafield>
    <datafield tag="500" ind1=" " ind2=" ">
      <subfield code="a">Signatures: A-D⁴; A1v and D4 are blank; C2 signed C3.</subfield>
    </datafield>
    <datafield tag="510" ind1="4" ind2=" ">
      <subfield code="a">Verzeichnis der im deutschen Sprachbereich erschienenen Drucke des 16. Jahrhunderts (VD 16),</subfield>
      <subfield code="c">W 318</subfield>
      <subfield code="u">https://gateway-bayern.de/VD16+W+318</subfield>
    </datafield>
    <datafield tag="510" ind1="4" ind2=" ">
      <subfield code="a">Rijksuniversiteit te Utrecht. Pamfletten niet voorkomende in afzonderlijk gedrukte catalogi der verzamelingen in andere openbare Nederlandsche bibliotheken,</subfield>
      <subfield code="c">379</subfield>
    </datafield>
    <datafield tag="546" ind1=" " ind2=" ">
      <subfield code="a">Contains texts in German and Latin.</subfield>
    </datafield>
    <datafield tag="700" ind1="1" ind2=" ">
      <subfield code="a">Behem, Caspar,</subfield>
      <subfield code="d">active 1563-1592,</subfield>
      <subfield code="e">printer.</subfield>
      <subfield code="4">prt</subfield>
      <subfield code="1">https://id.oclc.org/worldcat/entity/E39PBJbtkT6JFGyWtyRpv4qxXd</subfield>
    </datafield>
    <datafield tag="752" ind1=" " ind2=" ">
      <subfield code="a">Germany</subfield>
      <subfield code="d">Mainz,</subfield>
      <subfield code="e">publication place.</subfield>
      <subfield code="4">pup</subfield>
    </datafield>
    <datafield tag="758" ind1=" " ind2=" ">
      <subfield code="i">has work:</subfield>
      <subfield code="a">Warhaffte König=||liche vnd andere bestendige Zeugnuß || wieder die auszgebreitte erdachte || newe Zeitung vnnd vnerfindtliche Anziehung || beschuldigter Thaten/ darmit etliche PATRES || SOCIETATIS IESV zu Crackaw in || Polen gefenglich eingezogen/ nach Nilo ge=||führt/ vnd daselbsten gerichtet worden seyn || sollen/ mit Vnschuldt vnd falschem || Grundt ahngegeben || worden.|| (Text)</subfield>
      <subfield code="1">https://id.oclc.org/worldcat/entity/E39PCFY3Bm8dCBDdWd4CjRJhpP</subfield>
      <subfield code="4">https://id.oclc.org/worldcat/ontology/hasWork</subfield>
    </datafield>
  </record>